000 01070nam a2200217Ia 4500
003 Ost
005 20260507075637.0
008 260507s9999||||xx |||||||||||||| ||und||
020 _a×168119957
040 _cfsecg
041 _aara
082 _a657.46
100 _aالشريفات، خلدون ابراهيم
_eمؤلف
245 0 _aإدارة وتحليل مالي /
_c خلدون ابراهيم الشريفات
260 _aعمان:
_bدار وائل للنشر,
_c2001
300 _a245 صفحة؛
_bإيضاحات ؛
_c24 سم
504 _aالملاحق ص.247
520 _aمقدمة في الإدارة المالية- السياسات المالية- قرار التمويل- التمويل طويل الأجل-إدارة رأس المال العامل- التحليل المالي-أدوات التحليل المالي- التحليل المالي بالنسب- تحليل التعادل- الروافع المالية- التخطيط المالي- الرياضة المالية
653 _aالتحليل المالي
942 _cكتاب
999 _c45331
_d45331